Guía del lector del "Quijote" (Record no. 66402)

MARC details
000 -LEADER
campo de control de longitud fija 00943nam a2200253 i 4500
001 - NÚMERO DE CONTROL
campo de control 66402
003 - IDENTIFICADOR DE NÚMERO DE CONTROL
campo de control ES-MaACL
005 - FECHA Y HORA DE LA ÚLTIMA TRANSACCIÓN
campo de control 20240503122328.0
007 - CAMPO FIJO DE DESCRIPCIÓN FÍSICA--INFORMACIÓN GENERAL
campo de control de longitud fija t|
008 - DATOS DE LONGITUD FIJA--INFORMACIÓN GENERAL
campo de control de longitud fija 040213s1978 sp ||||1| spa d
020 ## - NÚMERO INTERNACIONAL ESTÁNDAR DEL LIBRO
Número Internacional Estándar del Libro 84-239-2014-3
080 ## - NÚMERO DE LA CLASIFICACIÓN DECIMAL UNIVERSAL
Número de la Clasificación Decimal Universal 821.134.2Quijote.07
100 1# - ENTRADA PRINCIPAL--NOMBRE DE PERSONA
Nombre de persona Madariaga, Salvador de,
Fechas asociadas al nombre 1886-1978
9 (RLIN) 75292
245 10 - MENCIÓN DEL TÍTULO
Título Guía del lector del "Quijote"
Resto del título : ensayo psicológico sobre el "Quijote" /
Mención de responsabilidad, etc. Salvador de Madariaga ; prólogo de Luis María Anson.
250 ## - MENCION DE EDICION
Mención de edición 2ª ed.
260 ## - PUBLICACIÓN, DISTRIBUCIÓN, ETC.
Lugar de publicación, distribución, etc. Madrid :
Nombre del editor, distribuidor, etc. Espasa-Calpe,
Fecha de publicación, distribución, etc. 1978.
300 ## - DESCRIPCIÓN FÍSICA
Extensión 215 p. ;
Dimensiones 18 cm.
490 1# - MENCIÓN DE SERIE
Mención de serie Selecciones austral. Ensayo ;
Designación de volumen o secuencia 14
600 14 - PUNTO DE ACCESO ADICIONAL DE MATERIA--NOMBRE DE PERSONA
Nombre de persona Cervantes Saavedra, Miguel de,
Fechas asociadas al nombre 1547-1616.
Título de la obra Don Quijote de la Mancha-
Subdivisión general Crítica e interpretación
9 (RLIN) 37618
700 0# - ENTRADA AGREGADA--NOMBRE PERSONAL
Nombre de persona Ansón, Luis María,
Fechas asociadas al nombre 1935-
9 (RLIN) 21849
830 0# - PUNTO DE ACCESO ADICIONAL DE SERIE-TÍTULO UNIFORME
Título uniforme Selecciones austral. Ensayo ;
Designación de volumen o secuencia 14
9 (RLIN) 230804
852 ## - LOCALIZACIÓN
Ubicación ES-MaACL
Número de control de estantería L-26870
Sublocalización o colección R.132365
Holdings
Estatus retirado Estado de pérdida Estado de daño No para préstamo Biblioteca de origen Biblioteca actual Ubicación en estantería Fecha de adquisición Fuente de adquisición Total de préstamos Signatura topográfica completa Código de barras Visto por última vez Precio de reemplazo Tipo de ítem Koha
        Biblioteca del Ateneo de Madrid Biblioteca del Ateneo de Madrid Depósito 2 17/01/2008     L-26870 1069564 23/02/2023 23/02/2023 Libro impreso